[Event "Greyhound Race"]
[Site "SchemingMind.com"]
[Date "2014.09.19"]
[Round "-"]
[White "BigDoggProblem"]
[Black "Eric111"]
[Result "1-0"]
[WhiteCountry "USA"]
[BlackCountry "USA"]
[WhiteElo "1893"]
[WhiteRD "71"]
[BlackElo "1483"]
[BlackRD "46"]
[GameID "364775"]

1. e4 c6 2. d4 d5 3. e5 Bf5 4. h4 h6 5. g4 Bd7 6. f4 e6 7. Bd3 Be7 8. Nf3 Qa5+ 9. c3 Na6 10. b4 Qd8
11. a4 Nc7 12. Nbd2 b5 13. h5 a6 14. Bc2 f6 15. Bg6+ Kf8 16. Bc2 Be8 17. Nf1 Bd7 18. Ng3 Be8 19. Kf2 Bf7 20. Qe2 Qd7
21. Bd2 Ke8 22. Nh4 Bd8 23. Bg6 Bxg6 24. Nxg6 Rh7 25. a5 Ne7 26. Nh4 Ng8 27. Qd3 f5 28. gxf5 Bxh4 29. Rxh4 Qe7 30. fxe6 Qxh4
31. Qg6+ Kd8 32. Qxh7 Qh2+ 33. Kf3 Qxd2 34. Qxg8+ Ne8 35. Qf7 Qxc3+ 36. Kg4 Kc8 37. Qxe8+ Kb7 38. Qd7+ Kb8 39. Nf5 Qxa1 40. Qd8+ Ka7
41. Qc7#
1-0

[Event "Greyhound Race"]
[Site "SchemingMind.com"]
[Date "2014.09.19"]
[Round "-"]
[White "Eric111"]
[Black "BigDoggProblem"]
[Result "0-1"]
[WhiteCountry "USA"]
[BlackCountry "USA"]
[WhiteElo "1465"]
[WhiteRD "47"]
[BlackElo "1940"]
[BlackRD "75"]
[GameID "364776"]

1. c4 Nf6 2. d4 g6 3. Nc3 Bg7 4. Nf3 c5 5. d5 d6 6. e4 O-O 7. Bg5 Na6 8. a3 Nc7 9. Qd2 e6 10. Bh6 exd5
11. cxd5 Re8 12. Bxg7 Kxg7 13. Qf4 Ncxd5 14. Nxd5 Nxd5 15. Qd2 Rxe4+ 16. Be2 Nf4 17. Qc3+ Qf6
0-1

[Event "Greyhound Race"]
[Site "SchemingMind.com"]
[Date "2014.09.20"]
[Round "-"]
[White "BigDoggProblem"]
[Black "gullu"]
[Result "0-1"]
[WhiteCountry "USA"]
[BlackCountry "IND"]
[WhiteElo "1940"]
[WhiteRD "75"]
[BlackElo "2040"]
[BlackRD "188"]
[GameID "364823"]

1. e4 e5 2. Nf3 Nc6 3. Bb5 Nf6 4. O-O Bc5 5. Bxc6 dxc6 6. c3 Bg4 7. h3 Bxf3 8. Qxf3 O-O 9. d3 Qd6 10. b4 Bxb4
11. cxb4 Qd4 12. Nc3 Qxc3 13. Rb1 Rfe8 14. Rd1 Qc2 15. Bg5 Re6 16. a3 h6 17. Be3 Rd8 18. Rdc1 Qa2 19. Bxa7 b6
0-1

[Event "Greyhound Race"]
[Site "SchemingMind.com"]
[Date "2014.09.20"]
[Round "-"]
[White "gullu"]
[Black "BigDoggProblem"]
[Result "1-0"]
[WhiteCountry "IND"]
[BlackCountry "USA"]
[WhiteElo "2040"]
[WhiteRD "188"]
[BlackElo "1940"]
[BlackRD "75"]
[GameID "364824"]

1. d4 Nf6 2. Nf3 d5 3. e3 c5 4. c4 g6 5. cxd5 Nxd5 6. e4 Nf6 7. d5 Qa5+ 8. Bd2 Qb6 9. Na3 Bg7 10. Nc4 Qc7
11. d6 exd6 12. Ba5 b6 13. Nxd6+ Ke7 14. e5 bxa5 15. Bc4 Ng4 16. Nxf7 Nxe5 17. N3xe5 Bxe5 18. Nxh8 Bxh8 19. Qf3 Qe5+ 20. Kf1
1-0

[Event "Greyhound Race"]
[Site "SchemingMind.com"]
[Date "2014.09.20"]
[Round "-"]
[White "Eric111"]
[Black "gullu"]
[Result "0-1"]
[WhiteCountry "USA"]
[BlackCountry "IND"]
[WhiteElo "1465"]
[WhiteRD "47"]
[BlackElo "2040"]
[BlackRD "188"]
[GameID "364825"]

1. c4 e5 2. Nc3 Nc6 3. g3 Nf6 4. Bg2 Bc5 5. d3 O-O 6. Nf3 d6 7. O-O h6 8. a3 a5 9. Bd2 Bg4 10. e3 Qd7
11. Re1 Qf5 12. e4 Qh5 13. Be3 Nd4 14. Bxd4 exd4 15. Na4 Nd7 16. Nxc5 Ne5 17. Nxb7 Nxf3+ 18. Bxf3 Bxf3 19. Qxf3 Qxf3
0-1

[Event "Greyhound Race"]
[Site "SchemingMind.com"]
[Date "2014.09.20"]
[Round "-"]
[White "gullu"]
[Black "Eric111"]
[Result "1-0"]
[WhiteCountry "IND"]
[BlackCountry "USA"]
[WhiteElo "2040"]
[WhiteRD "188"]
[BlackElo "1465"]
[BlackRD "47"]
[GameID "364826"]

1. d4 d5 2. Nc3 Nf6 3. Nf3 e6 4. Bg5 Nbd7 5. e3 Be7 6. Be2 O-O 7. O-O h6 8. Bf4 a6 9. Ne5 b5 10. Nc6 Qe8
11. Bxc7 Bb7 12. Nxe7+ Qxe7 13. a3 Rfc8 14. Ba5 Nb8 15. Bb4 Qd8 16. Bd3 Nc6 17. Bc5 Nd7 18. b4 e5 19. Bf5 g6 20. Bh3 f5
21. Nxd5 exd4 22. exd4 Nxc5 23. dxc5 Ne5 24. Nb6 Qxd1 25. Rfxd1 Rd8 26. Nxa8 Rxa8 27. Rd6
1-0

[Event "Greyhound Race"]
[Site "SchemingMind.com"]
[Date "2014.09.25"]
[Round "-"]
[White "Marc Wakeham"]
[Black "BigDoggProblem"]
[Result "1/2-1/2"]
[WhiteCountry "WLS"]
[BlackCountry "USA"]
[WhiteElo "1534"]
[WhiteRD "61"]
[BlackElo "1893"]
[BlackRD "71"]
[GameID "365015"]

1. e4 d6 2. d4 Nf6 3. Nc3 g6 4. Bg5 Bg7 5. Bc4 O-O 6. Qd2 Nxe4 7. Nxe4 d5 8. Bd3 dxe4 9. Bxe4 Qxd4 10. Qxd4 Bxd4
11. c3 Bc5 12. Nf3 c6 13. O-O Nd7 14. b4 Bd6 15. a3 Re8 16. c4 Ne5 17. Nxe5 Bxe5 18. Rad1 Be6 19. c5 f6 20. Bc1 Rad8
21. Rxd8 Rxd8 22. Bf3 Kf7 23. Rd1 Rxd1+ 24. Bxd1 Bc4 25. h3 Bc3 26. Bc2 e5 27. g3 Ke6 28. Kg2 Kd5 29. f3 Kd4 30. Kf2 Bd3
31. Bb3 Ba6 32. Ba2 Bb5 33. Be3+ Kd3 34. Bb1+ Kc4 35. Ba2+ Kd3 36. Bb1+ Kc4 37. Ba2+ Kd3 38. Bb1+ Kc4
1/2-1/2

[Event "Greyhound Race"]
[Site "SchemingMind.com"]
[Date "2014.09.25"]
[Round "-"]
[White "BigDoggProblem"]
[Black "Marc Wakeham"]
[Result "1-0"]
[WhiteCountry "USA"]
[BlackCountry "WLS"]
[WhiteElo "1893"]
[WhiteRD "71"]
[BlackElo "1534"]
[BlackRD "61"]
[GameID "365016"]

1. e4 d6 2. d4 Nf6 3. Nc3 g6 4. f4 Bg7 5. Nf3 O-O 6. Bd3 Bg4 7. O-O c5 8. Be3 cxd4 9. Bxd4 Nc6 10. Be3 a6
11. Qe1 Nb4 12. Qh4 Nxd3 13. cxd3 Bd7 14. e5 dxe5 15. fxe5 Ne8 16. Nd5 e6 17. Ne7+ Kh8 18. Ng5 h5 19. Nxf7+
1-0

[Event "Greyhound Race"]
[Site "SchemingMind.com"]
[Date "2014.09.25"]
[Round "-"]
[White "Marc Wakeham"]
[Black "Eric111"]
[Result "1/2-1/2"]
[WhiteCountry "WLS"]
[BlackCountry "USA"]
[WhiteElo "1534"]
[WhiteRD "61"]
[BlackElo "1483"]
[BlackRD "46"]
[GameID "365017"]

1. e4 c6 2. d4 d5 3. Nc3 dxe4 4. f3 exf3 5. Nxf3 Bg4 6. h3 Bxf3 7. Qxf3 e6 8. Be3 Bb4 9. Bf2 Nf6 10. O-O-O Nbd7
11. Ne4 Qa5 12. Kb1 O-O 13. Bc4 b5 14. Bb3 Qc7 15. Bh4 a5 16. Bxf6 Nxf6 17. Nxf6+ gxf6 18. Qxf6 Qg3 19. h4 a4 20. Bxe6 fxe6
21. Qxe6+ Rf7 22. Rdf1 Rf8 23. Rxf7 Rxf7 24. Rf1 Qg7 25. Rxf7 Qxf7 26. Qc8+ Kg7 27. Qg4+ Qg6 28. Qd7+ Kh6 29. g4 Qd6 30. g5+ Kh5
31. Qxh7+ Kg4 32. Qe4+ Qf4 33. Qe6+ Kg3 34. a3 Bd6 35. g6 Qxd4 36. g7 Qxg7 37. Qe3+ Kxh4 38. Qe4+ Qg4 39. Qe1+ Bg3 40. Qh1+ Qh3
41. Qe4+ Qg4 42. Qh1+ Qh3=
1/2-1/2

[Event "Greyhound Race"]
[Site "SchemingMind.com"]
[Date "2014.09.25"]
[Round "-"]
[White "Eric111"]
[Black "Marc Wakeham"]
[Result "1-0"]
[WhiteCountry "USA"]
[BlackCountry "WLS"]
[WhiteElo "1483"]
[WhiteRD "46"]
[BlackElo "1534"]
[BlackRD "61"]
[GameID "365018"]

1. c4 Nf6 2. d4 g6 3. Nc3 d5 4. e3 Bg7 5. Nf3 O-O 6. Be2 Bg4 7. cxd5 Nxd5 8. O-O Nxc3 9. bxc3 Nc6 10. a4 e6
11. Ba3 Re8 12. Rb1 b6 13. h3 Bxf3 14. Bxf3 Qd7 15. Qd3 Rad8 16. Qb5 Nb8 17. Qxd7 Nxd7 18. Bc6 e5 19. dxe5 Rxe5 20. Rbd1 Bf6
21. Rxd7 Rxd7 22. Bxd7 Rd5 23. Bb5 Bxc3 24. g4 Rd2 25. Kg2 c5 26. Rc1 Be5 27. Rb1 Rd8 28. Bb2 Bxb2 29. Rxb2 Kf8 30. f4 Rd1
31. Rf2 Ke7 32. e4 Re1 33. Kf3 Rd1 34. Ke3 f6 35. Rd2 Rxd2 36. Kxd2 Kd6 37. Kc3 h6 38. h4 a5 39. Bd3 g5 40. fxg5 fxg5
41. hxg5 hxg5 42. Kc4
1-0

[Event "Greyhound Race"]
[Site "SchemingMind.com"]
[Date "2014.09.25"]
[Round "-"]
[White "Marc Wakeham"]
[Black "gullu"]
[Result "0-1"]
[WhiteCountry "WLS"]
[BlackCountry "IND"]
[WhiteElo "1534"]
[WhiteRD "61"]
[BlackElo "1592"]
[BlackRD "109"]
[GameID "365019"]

1. e4 e5 2. Nf3 Nf6 3. Nxe5 Qe7 4. Nf3 Nxe4 5. Be2 d5 6. O-O Nc6 7. Re1 Be6 8. d4 Qf6 9. Be3 Bd6 10. Nbd2 O-O
11. Nxe4 dxe4 12. Nd2 Nxd4 13. Nxe4 Nxe2+ 14. Qxe2 Bxh2+ 15. Kxh2 Qh4+ 16. Kg1 Qxe4 17. c3 b6 18. Bd4 Qxe2 19. Rxe2 Rfd8 20. a3 c5
21. Be5 Rd3 22. Rae1 Re8 23. f4 Bg4 24. Rf2 f6 25. Rfe2 Bxe2
0-1

[Event "Greyhound Race"]
[Site "SchemingMind.com"]
[Date "2014.09.25"]
[Round "-"]
[White "gullu"]
[Black "Marc Wakeham"]
[Result "0-1"]
[WhiteCountry "IND"]
[BlackCountry "WLS"]
[WhiteElo "1592"]
[WhiteRD "109"]
[BlackElo "1534"]
[BlackRD "61"]
[GameID "365020"]

1. d4 Nf6 2. Nf3 g6 3. c4 Bg7 4. Nc3 d6 5. e4 O-O 6. Be2 Bg4 7. O-O a6 8. Be3 Nfd7 9. Rc1 Bxf3 10. Bxf3 Nc6
11. d5 Nce5 12. Be2 Nb8 13. c5 Nbd7 14. f4 Nxc5 15. fxe5 Bxe5 16. Bh6 Bg7 17. Bxg7 Kxg7 18. Bg4 b5 19. Qd4+ Kg8 20. e5 Nb7
21. e6 f6 22. Ne4 Kg7 23. Rc3 Na5 24. Be2 Rc8 25. Rh3 c5 26. Qe3 c4
0-1

[Event "Greyhound Race"]
[Site "SchemingMind.com"]
[Date "2014.09.26"]
[Round "-"]
[White "Marc Wakeham"]
[Black "clare1347"]
[Result "0-1"]
[WhiteCountry "WLS"]
[BlackCountry "ENG"]
[WhiteElo "1534"]
[WhiteRD "61"]
[BlackElo "2198"]
[BlackRD "81"]
[GameID "365035"]

1. e4 e5 2. Nf3 Nc6 3. d4 exd4 4. c3 d3 5. Bxd3 Bc5 6. O-O d6 7. Re1 Nf6 8. Bc4 Ng4 9. Nd4 Qh4 10. h3 Qxf2+
11. Kh1 Nxd4 12. cxd4 Qg3
0-1

[Event "Greyhound Race"]
[Site "SchemingMind.com"]
[Date "2014.09.25"]
[Round "-"]
[White "clare1347"]
[Black "Marc Wakeham"]
[Result "1-0"]
[WhiteCountry "ENG"]
[BlackCountry "WLS"]
[WhiteElo "2198"]
[WhiteRD "81"]
[BlackElo "1534"]
[BlackRD "61"]
[GameID "365036"]

1. d4 Nf6 2. c4 g6 3. Nc3 d5 4. cxd5 Nxd5 5. e4 Nxc3 6. bxc3 Bg7 7. Bc4 O-O 8. Ne2 c5 9. Be3 Nc6 10. O-O cxd4
11. cxd4 a6 12. Qd2 b5 13. Bd5 Bd7 14. Rfc1 Rc8 15. a4 Nb8 16. Rxc8 Bxc8 17. axb5 axb5 18. Ra7 e6 19. Ba8 Nd7 20. Bc6
1-0

[Event "Greyhound Race"]
[Site "SchemingMind.com"]
[Date "2014.09.25"]
[Round "-"]
[White "BigDoggProblem"]
[Black "clare1347"]
[Result "0-1"]
[WhiteCountry "USA"]
[BlackCountry "ENG"]
[WhiteElo "1893"]
[WhiteRD "71"]
[BlackElo "2198"]
[BlackRD "81"]
[GameID "365037"]

1. e4 e5 2. Nf3 Nc6 3. Bb5 Nf6 4. O-O Nxe4 5. Re1 Nd6 6. Nxe5 Be7 7. Ba4 O-O 8. d4 Nxe5 9. dxe5 Nf5 10. Qe2 d5
11. Bf4 Be6 12. Nd2 Nh4 13. c3 c6 14. Nf3 Bg4 15. Bc2 Qc8 16. Qd3 Bf5 17. Qd1 Nxf3+ 18. gxf3 Qe6 19. Bg3 h5 20. h4 Bxc2
21. Qxc2 Qh3 22. Qf5 Qxf5
0-1

[Event "Greyhound Race"]
[Site "SchemingMind.com"]
[Date "2014.09.25"]
[Round "-"]
[White "clare1347"]
[Black "BigDoggProblem"]
[Result "1-0"]
[WhiteCountry "ENG"]
[BlackCountry "USA"]
[WhiteElo "2198"]
[WhiteRD "81"]
[BlackElo "1893"]
[BlackRD "71"]
[GameID "365038"]

1. d4 Nf6 2. c4 g6 3. Nc3 Bg7 4. e4 d6 5. Nge2 O-O 6. f3 Na6 7. Bg5 c5 8. d5 Nc7 9. Ng3 Rb8 10. a4 b6
11. Qd2 a6 12. Bd3 Bd7 13. O-O b5 14. Rfc1 b4 15. Nce2 e6 16. dxe6 fxe6 17. Bh6 Qe7 18. Bxg7 Kxg7 19. e5 dxe5 20. Qg5 e4
21. Nxe4 e5 22. N2g3 Rbe8 23. Nxf6
1-0

[Event "Greyhound Race"]
[Site "SchemingMind.com"]
[Date "2014.09.25"]
[Round "-"]
[White "Eric111"]
[Black "clare1347"]
[Result "0-1"]
[WhiteCountry "USA"]
[BlackCountry "ENG"]
[WhiteElo "1483"]
[WhiteRD "46"]
[BlackElo "2198"]
[BlackRD "81"]
[GameID "365039"]

1. c4 e5 2. Nc3 Nc6 3. g3 f5 4. e3 Nf6 5. d4 Bb4 6. Bg2 Bxc3+ 7. bxc3 e4 8. Nh3 d6 9. O-O O-O 10. d5 Ne5
11. Nf4 Nxc4 12. Qe2 Ne5 13. c4 Qe8 14. h3 Bd7 15. Kh2 g5 16. Ne6 Bxe6 17. dxe6 Qxe6 18. Bb2 Qxc4 19. Qxc4+ Nxc4 20. Bxf6 Rxf6
21. Rfc1 d5 22. Rd1 c6 23. Rab1 b5 24. Bf1 f4 25. Bxc4 fxg3+ 26. Kxg3 bxc4 27. Rbc1 Raf8 28. Rf1 Rf3+ 29. Kg2 h5 30. a4 g4
31. hxg4 hxg4 32. a5 g3 33. Rc2 gxf2 34. Rcxf2 Rxf2+ 35. Rxf2 Rxf2+ 36. Kxf2 Kf7 37. Ke2 Ke6
0-1

[Event "Greyhound Race"]
[Site "SchemingMind.com"]
[Date "2014.09.25"]
[Round "-"]
[White "clare1347"]
[Black "Eric111"]
[Result "1-0"]
[WhiteCountry "ENG"]
[BlackCountry "USA"]
[WhiteElo "2198"]
[WhiteRD "81"]
[BlackElo "1483"]
[BlackRD "46"]
[GameID "365040"]

1. d4 d5 2. c4 e6 3. Nc3 c6 4. Nf3 Nf6 5. Bg5 h6 6. Bh4 dxc4 7. e4 g5 8. Bg3 b5 9. Be2 Nbd7 10. d5 Bb7
11. dxe6 fxe6 12. Nd4 Nc5 13. e5 Nd5 14. Bh5+ Kd7 15. O-O Kc7 16. Ne4 Nxe4 17. Nxe6+
1-0

[Event "Greyhound Race"]
[Site "SchemingMind.com"]
[Date "2014.10.01"]
[Round "-"]
[White "Marc Wakeham"]
[Black "Scooter"]
[Result "1-0"]
[WhiteCountry "WLS"]
[BlackCountry "USA"]
[WhiteElo "1534"]
[WhiteRD "61"]
[BlackElo "1752"]
[BlackRD "44"]
[GameID "366187"]

1. e4 c6 2. d4 d5 3. Nc3 dxe4 4. f3 exf3 5. Nxf3 Bg4 6. h3 Bxf3 7. Qxf3 Nf6 8. Be3 e6 9. O-O-O Be7 10. Bd3 O-O
11. g4 Nd5 12. Nxd5 exd5 13. Kb1 Bg5 14. Qf5 f6 15. Qxh7+ Kf7 16. Bg6+ Ke6 17. Bxg5 fxg5 18. Rde1+ Kd6 19. Qxg7 Nd7 20. Bf5 Rg8
21. Qf7 Rf8 22. Qe6+ Kc7 23. Qe3 Qf6 24. Qg3+ Qd6 25. Qxd6+ Kxd6 26. Re6+ Kc7 27. Re7 Rad8 28. Rhe1 Rh8 29. Rg7 Rxh3 30. a4 Rhh8
31. Ree7
1-0

[Event "Greyhound Race"]
[Site "SchemingMind.com"]
[Date "2014.10.01"]
[Round "-"]
[White "Scooter"]
[Black "Marc Wakeham"]
[Result "1-0"]
[WhiteCountry "USA"]
[BlackCountry "WLS"]
[WhiteElo "1752"]
[WhiteRD "44"]
[BlackElo "1534"]
[BlackRD "61"]
[GameID "366188"]

1. d4 Nf6 2. Nf3 g6 3. Bf4 Bg7 4. e3 O-O 5. Be2 d6 6. O-O c5 7. c3 cxd4 8. cxd4 Bd7 9. Nbd2 a6 10. Rc1 Nc6
11. Bg5 Rc8 12. Nc4 b5 13. Ncd2 Na7 14. b4 Rxc1 15. Qxc1 Qc8 16. Nb3 Qxc1 17. Rxc1 Rc8 18. Rxc8+ Nxc8 19. h3 Nb6 20. Bd3 Kf8
21. Nbd2 e6 22. Bxf6 Bxf6 23. Ne4 Be7 24. Nfg5 h6 25. Nf3 Bc6 26. Nfd2 Bd5 27. Nc3 Bc6 28. Be4 Bxe4 29. Ncxe4 Nd5 30. a3 f5
31. Ng3 Nc3 32. Kf1 d5 33. Ne2 Nxe2 34. Kxe2 Bd6 35. Nb3 Ke7 36. Nc5 Bxc5 37. dxc5 e5 38. f3 g5 39. g3 h5 40. Kd3 Kd7
41. f4 exf4 42. exf4 g4 43. h4 Kc6 44. Kd4
1-0

[Event "Greyhound Race"]
[Site "SchemingMind.com"]
[Date "2014.10.01"]
[Round "-"]
[White "BigDoggProblem"]
[Black "Scooter"]
[Result "1-0"]
[WhiteCountry "USA"]
[BlackCountry "USA"]
[WhiteElo "1893"]
[WhiteRD "71"]
[BlackElo "1752"]
[BlackRD "44"]
[GameID "366189"]

1. e4 c6 2. d4 d5 3. e5 Bf5 4. h4 h6 5. g4 Bh7 6. e6 fxe6 7. Bd3 Nf6 8. Bxh7 Nxh7 9. Qd3 Kd7 10. Nf3 Nf6
11. Ne5+
1-0

[Event "Greyhound Race"]
[Site "SchemingMind.com"]
[Date "2014.10.01"]
[Round "-"]
[White "Scooter"]
[Black "BigDoggProblem"]
[Result "1/2-1/2"]
[WhiteCountry "USA"]
[BlackCountry "USA"]
[WhiteElo "1752"]
[WhiteRD "44"]
[BlackElo "1893"]
[BlackRD "71"]
[GameID "366190"]

1. d4 Nf6 2. Nf3 d5 3. Bf4 e6 4. e3 c5 5. Bb5+ Bd7 6. Bxd7+ Nbxd7 7. c3 Qb6 8. Qb3 Be7 9. O-O O-O 10. Nbd2 Rfc8
11. h3 Qc6 12. Ne5 Nxe5 13. Bxe5 b5 14. dxc5 Qxc5 15. Bd4 Qc6 16. Bxf6 Bxf6 17. Rac1 a5 18. Qc2 b4 19. Qd3 bxc3 20. bxc3 Rab8
21. c4 Qa6 22. e4 d4 23. e5 Bxe5 24. Nf3 Qd6 25. Nxe5 Qxe5 26. Rfe1 Qf6 27. Re4 e5 28. Rce1 Qg6 29. f4 f6 30. fxe5 fxe5
31. Qe2 Rd8 32. Rxe5 d3 33. Qd2 Rb4 34. c5 Rc4 35. Re6 Rc2 36. Rxg6 Rxd2 37. Rd6 Rxd6 38. cxd6 Re2 39. Rxe2 dxe2 40. Kf2 Kf7
41. Kxe2 Ke6 42. d7 Kxd7 43. Kd3 Kd6 44. Kd4 h6 45. h4 g5 46. hxg5=
1/2-1/2

[Event "Greyhound Race"]
[Site "SchemingMind.com"]
[Date "2014.10.01"]
[Round "-"]
[White "Eric111"]
[Black "Scooter"]
[Result "0-1"]
[WhiteCountry "USA"]
[BlackCountry "USA"]
[WhiteElo "1483"]
[WhiteRD "46"]
[BlackElo "1752"]
[BlackRD "44"]
[GameID "366191"]

1. e4 c6 2. d4 d5 3. e5 Bf5 4. Nf3 e6 5. Be2 Nd7 6. O-O c5 7. c4 cxd4 8. Qxd4 Bc5 9. Qh4 Qxh4 10. Nxh4 Nxe5
11. Nxf5 exf5 12. cxd5 Ne7 13. Bf3 Nxf3+ 14. gxf3 Nxd5 15. Nc3 Nxc3 16. bxc3 O-O 17. Be3 Rac8 18. Bxc5 Rxc5 19. Rfc1 Rfc8 20. Rab1 b5
21. Kf1 f4 22. Ke2 a5 23. Kd3 Rd8+ 24. Kc2 b4 25. Kb2 bxc3+ 26. Rxc3 Rd2+ 27. Kb3 Rxc3+ 28. Kxc3 Rd8 29. Kc2 g5 30. Rb5 f6
31. Rxa5 Re8 32. Kd2 h5 33. a4 Kg7 34. Rb5 Ra8 35. a5 Kg6 36. Kc3 g4 37. fxg4 hxg4 38. Kb4 f5 39. Rc5 f3 40. Rc3 Kg5
41. Ra3 f4 42. a6 Kh4 43. a7 Kh3 44. Kb5 Kxh2 45. Kb6 g3 46. Kb7 Rxa7+ 47. Rxa7 g2 48. Ra1 g1=Q
0-1

[Event "Greyhound Race"]
[Site "SchemingMind.com"]
[Date "2014.10.01"]
[Round "-"]
[White "Scooter"]
[Black "Eric111"]
[Result "1-0"]
[WhiteCountry "USA"]
[BlackCountry "USA"]
[WhiteElo "1752"]
[WhiteRD "44"]
[BlackElo "1483"]
[BlackRD "46"]
[GameID "366192"]

1. d4 d5 2. Nf3 Nf6 3. Bf4 g6 4. e3 Bg7 5. Be2 O-O 6. O-O b6 7. Nbd2 Bb7 8. h3 Nbd7 9. c4 c5 10. cxd5 Bxd5
11. Bc4 Bxc4 12. Nxc4 Nd5 13. Bg3 h6 14. Nce5 Nxe5 15. Nxe5 Bxe5 16. Bxe5 f6 17. Bg3 Kg7 18. dxc5 bxc5 19. Qb3 Nb6 20. Rac1 Rc8
21. Qa3 Qd5 22. Qxa7 Qe6 23. Bc7 Nd5 24. Rxc5 Qd7 25. Rfc1 Ra8 26. Qb7 Nxc7 27. Rxc7 Rab8 28. Rxd7 Rxb7 29. Rxb7
1-0

[Event "Greyhound Race"]
[Site "SchemingMind.com"]
[Date "2014.10.01"]
[Round "-"]
[White "clare1347"]
[Black "Scooter"]
[Result "1-0"]
[WhiteCountry "ENG"]
[BlackCountry "USA"]
[WhiteElo "2198"]
[WhiteRD "81"]
[BlackElo "1752"]
[BlackRD "44"]
[GameID "366193"]

1. d4 Nf6 2. c4 g6 3. Nc3 Bg7 4. e4 d6 5. Nge2 O-O 6. f3 Nbd7 7. d5 Ne5 8. Ng3 c5 9. a4 a6 10. Bg5 h6
11. Bf4 g5 12. Bxe5 dxe5 13. Be2 Bd7 14. O-O Rb8 15. a5 b6 16. axb6 Qxb6 17. Ra2 Rfd8 18. Qd3 e6 19. Rfa1 Bc8 20. Qd2 Kf8
21. Na4 Qc7 22. Qe3 exd5 23. cxd5 Bd7 24. Qxc5+ Qxc5+ 25. Nxc5 Bb5 26. Bxb5 axb5 27. Nf5 Nd7 28. b4 Kg8 29. Ra7 Nb6 30. Nxg7
1-0

[Event "Greyhound Race"]
[Site "SchemingMind.com"]
[Date "2014.10.01"]
[Round "-"]
[White "Scooter"]
[Black "clare1347"]
[Result "1/2-1/2"]
[WhiteCountry "USA"]
[BlackCountry "ENG"]
[WhiteElo "1752"]
[WhiteRD "44"]
[BlackElo "2198"]
[BlackRD "81"]
[GameID "366194"]

1. d4 d5 2. Nf3 Nf6 3. Bf4 Bf5 4. e3 e6 5. Bd3 Bxd3 6. Qxd3 Bd6 7. Bxd6 Qxd6 8. c3 O-O 9. O-O Nbd7 10. Nbd2 Rfc8
11. e4 e5 12. dxe5 Nxe5 13. Nxe5 Qxe5 14. exd5 Qxd5 15. Qxd5 Nxd5 16. Rfe1 Re8 17. g3 Nb6 18. Kf1 Rad8 19. Rxe8+ Rxe8 20. Re1 Kf8
21. Rxe8+ Kxe8=
1/2-1/2

[Event "Greyhound Race"]
[Site "SchemingMind.com"]
[Date "2014.10.01"]
[Round "-"]
[White "Scooter"]
[Black "gullu"]
[Result "1-0"]
[WhiteCountry "USA"]
[BlackCountry "IND"]
[WhiteElo "1752"]
[WhiteRD "44"]
[BlackElo "1592"]
[BlackRD "109"]
[GameID "366195"]

1. d4 d5 2. Nf3 Nf6 3. Bf4 Bf5 4. e3 e6 5. Bd3 Bxd3 6. Qxd3 Nc6 7. c3 Bd6 8. Bxd6 Qxd6 9. O-O O-O 10. Nbd2 Rfe8
11. h3 e5 12. dxe5 Nxe5 13. Nxe5 Qxe5 14. Nf3 Qd6 15. Rfd1 Rad8 16. b4 c6 17. a3 Ne4 18. Nd2 Qf6 19. Nxe4
1-0

[Event "Greyhound Race"]
[Site "SchemingMind.com"]
[Date "2014.10.01"]
[Round "-"]
[White "gullu"]
[Black "Scooter"]
[Result "0-1"]
[WhiteCountry "IND"]
[BlackCountry "USA"]
[WhiteElo "1592"]
[WhiteRD "109"]
[BlackElo "1752"]
[BlackRD "44"]
[GameID "366196"]

1. c4 Nf6 2. Nc3 g6 3. d4 Bg7 4. e4 d6 5. Nf3 Bg4 6. Be2 O-O 7. Be3 Bxf3 8. Bxf3 e5 9. d5 c5 10. O-O a6
11. Qb3 b6 12. h3 Nbd7 13. Rfe1 Qc7 14. Rad1 Qb7 15. Rd2 Ne8 16. Be2 Nc7 17. a3 Rab8 18. a4 f5
0-1